La teoría ética de Amartya Sen
Сохранить в:
| Главный автор: | |
|---|---|
| Формат: | |
| Язык: | испанский |
| Опубликовано: |
Santiago
Universidad de los Andes
2006
|
| Серии: | Biblioteca Universitaria Ciencias Sociales y Humanidades
|
| Предметы: | |
| Метки: |
Добавить метку
Нет меток, Требуется 1-ая метка записи!
|
MARC
| LEADER | 00000nam a2200000 a 4500 | ||
|---|---|---|---|
| 001 | UCI2409 | ||
| 003 | CL-VaPUC | ||
| 008 | 070824e20060000CL |||||||||||||||||spa|d | ||
| 020 | |a 9586650871 | ||
| 082 | 0 | 4 | |a 320.01 |b HER |2 21 |
| 100 | 0 | |a Hernández, Andrés |e author |9 523431 | |
| 245 | 1 | 3 | |a La teoría ética de Amartya Sen |
| 300 | |a 253 p | ||
| 942 | |c BK | ||
| 945 | |d 20070824 00:00:00 |a rbrito | ||
| 260 | |a Santiago |b Universidad de los Andes |c 2006 | ||
| 600 | 0 | 7 | |a SEN, AMARTYA KUMAR |2 CL-VaPUC |9 523432 |
| 650 | 7 | |a FILOSOFIA POLITICA |2 CL-VaPUC |9 523433 | |
| 650 | 0 | |a Liberalismo |9 255715 | |
| 650 | 0 | |a Ética |9 255099 | |
| 583 | |a last modification |c 20070824 00:00:00 |k Rodrigo Vera | ||
| 490 | 0 | |a Biblioteca Universitaria Ciencias Sociales y Humanidades | |
| 999 | |c 326993 |d 326991 | ||
| 952 | |0 0 |1 0 |4 0 |6 320_010000000000000_HER_2006 |7 0 |8 A |9 409330 |a BIBGIM |b BIBGIM |d 2019-11-22 |i 4343352 |o 320.01 HER 2006 |p 4343352 |r 2025-01-15 |w 2019-11-22 |y BK |k SSL | ||